Lyrics raten #04 - (deutsch) - Statistiken

Allgemein
  • Dieses Quiz wurde 205 mal gespielt
  • Das Durchschnittsergebnis liegt bei 136 aus 360
Antwortstatistiken
Antworten % Korrekt
ich
95%
Ich
95%
du
94%
Du
94%
du,
94%
wir
88%
Wir
88%
Da,
86%
H
84%
es
83%
Es
83%
die
79%
Die
79%
das
78%
der
78%
und
75%
Und
75%
(Ha)
70%
den
66%
(Den
66%
Liebe
64%
ein
63%
sei
63%
Wie
61%
wie:
61%
ist
59%
mir,
59%
mir
59%
eine
58%
Eine
58%
bist
57%
wo
57%
zu
57%
für
56%
Für
56%
mit
55%
uns -
54%
uns
54%
wer
53%
will
53%
sind
52%
dich
51%
in
51%
kann
51%
was,
51%
was
51%
Dann
49%
dann
49%
Dein
49%
nicht
48%
geh'n,
47%
geh'n
47%
an
46%
auf
44%
Im
44%
dem
42%
Denn
42%
einer
42%
Wenn
41%
hab'n
40%
wird
40%
Willst
39%
willst
39%
zusamm'n
39%
deine
37%
meine
37%
(Komm)
36%
Komm,
36%
komm,
36%
Komm
36%
man
36%
nehmen?
35%
Drogen
34%
Bei
32%
regnen
30%
Rosen
30%
rote
30%
als
29%
schon
29%
schon,
29%
Bach
28%
jetzt
28%
Jetzt
28%
sagen
28%
sagen:
28%
weil
28%
(Weil
28%
Leben
26%
Mach'
26%
runter
26%
runter)
26%
deiner
25%
Keiner
25%
"Keiner
25%
seit
25%
Um
25%
unser
25%
werd'
25%
Wollen
25%
hat
24%
deinem
23%
Schatz
23%
Willst du
23%
gesehen
22%
wissen
22%
gibt
21%
hab's
21%
Soap
21%
werden
21%
aus
20%
aus!
20%
kennen
20%
'nem
20%
Ort,
20%
schlummert
20%
Wrack
20%
Alligatoah
19%
finden
18%
Jahren
18%
meiner
18%
Dank
17%
durch
17%
Film
17%
Gott
17%
kam
17%
musst
17%
x
17%
Bild
16%
Fernseh'n
16%
halte,
16%
hernehm'
16%
lebt,
16%
mon
16%
nix
16%
romantisch
16%
Weshalb
16%
wollt
16%
brauchst
15%
hilft
15%
Bildung
14%
euch
14%
Fairplay
14%
frei,
14%
Hand
14%
jeder
14%
maximal
14%
nächsten
14%
sagst
14%
Schritt
14%
wagen?
14%
fragen:
13%
gerade
13%
Glaub
13%
Papa
13%
Schmerz
13%
Schultheaterstück
13%
vom
13%
damit
12%
drückt
12%
müssen
12%
Schuh
12%
Show
12%
super,
12%
wirst
12%
ah)
11%
Also
11%
chéri?
11%
stehlen
11%
brichst
10%
Grund
10%
kleine
10%
Klorand
10%
weißt,
10%
wutgeladen
10%
falle
9%
gigantischen
9%
hol'
9%
Kinofilm
9%
spielen
9%
Winter,
9%
(Yeah,
9%
(Yeah)
9%
chillen
8%
erste
8%
'ner
8%
Story
8%
unsern
8%
abgeht
7%
Axt
7%
Berggipfeln
7%
epische
7%
feier'
7%
"Gleich
7%
jagen
7%
Jugendphase
7%
Kindern
7%
Knie
7%
Labyrinth
7%
nirgendwo
7%
passt
7%
passt)
7%
rutscht
7%
Schachtel,
7%
Schnittmontage
7%
Action,
6%
Babys
6%
brauchen
6%
Comedy
6%
diggen"
6%
Drama
6%
filmreifer
6%
fröhliche
6%
herbstliche
6%
hinfahr'n!"
6%
Jacke
6%
Kiffsonntage
6%
kriegt
6%
Rauchende
6%
raus
6%
sammeln
6%
sowas
6%
Szene,
6%
Til Schweiger
6%
WG
6%
entfernten
5%
erstmal
5%
Fertigsuppe
5%
Herren-
5%
hituntermalte
5%
lausige
5%
löffeln
5%
per
5%
verwöhnt,
5%
WC
5%
Zuschauer:
5%
Körperbau
4%
Landhaus
4%
verdienen
4%
brüll'
3%
Fights,
3%
Flucht
3%
(Jawohl)
3%
Kerzenpaket
3%
Puppenköpfen
3%
klischeehafter
2%
Keine übereinstimmenden Quizze gefunden
Verteilung der Resultate
Anzahl Personen mit jedem Resultat
Perzentil nach korrekt beantworteten Fragen
Ihre Resultats-Entwicklung
Sie haben dieses Quiz noch nicht gespielt